| Tag |
First Indicator |
Second Indicator |
Subfields |
| LEADER |
00000pam a22000004a 4500 |
| 001 |
in00002000459 |
| 005 |
20151031130937.0 |
| 008 |
040407s2004 ohuab s000 0 eng |
| 010 |
|
|
|a 2004008191
|
| 020 |
|
|
|a 0821415832 (pbk. : alk. paper)
|
| 035 |
|
|
|a (OCoLC)ocm54974362
|
| 040 |
|
|
|a DLC
|c DLC
|d YDX
|d TXA
|d UtOrBLW
|
| 042 |
|
|
|a pcc
|
| 043 |
|
|
|a n-us-oh
|
| 049 |
|
|
|a TXAM
|
| 050 |
0 |
0 |
|a SB466.U7
|b H44 2004
|
| 082 |
0 |
0 |
|a 635
|2 22
|
| 100 |
1 |
|
|a Heffernan, Maureen.
|
| 245 |
1 |
0 |
|a Hershey Children's Garden :
|b a place to grow /
|c Maureen Heffernan.
|
| 264 |
|
1 |
|a Athens, Ohio :
|b Ohio University Press,
|c [2004]
|
| 264 |
|
4 |
|c ©2004
|
| 300 |
|
|
|a xii, 52 pages :
|b color illustrations, 1 color map ;
|c 23 cm.
|
| 336 |
|
|
|a text
|b txt
|2 rdacontent
|
| 337 |
|
|
|a unmediated
|b n
|2 rdamedia
|
| 338 |
|
|
|a volume
|b nc
|2 rdacarrier
|
| 650 |
|
0 |
|a Children's gardens.
|
| 651 |
|
0 |
|a Hershey Children's Garden (Cleveland, Ohio)
|
| 856 |
4 |
1 |
|3 Table of contents
|u http://www.loc.gov/catdir/toc/ecip0417/2004008191.html
|t 0
|
| 994 |
|
|
|a E0
|b TXA
|
| 948 |
|
|
|a cataloged
|b h
|c 2004/11/5
|d c
|e bwalker
|f 1:29:24 pm
|
| 999 |
|
|
|a MARS
|
| 999 |
f |
f |
|s 80397de2-9d3e-3808-a30c-25818303a7e3
|i 1f05d495-38b1-3797-a7e1-128262c88d63
|t 0
|
| 952 |
f |
f |
|p ric
|a Texas A&M University
|b Rellis Campus
|c Joint Library Facility
|d Remote Storage
|t 0
|e SB466.U7 H44 2004
|h Library of Congress classification
|i unmediated -- volume
|m A14831356902
|
| 998 |
f |
f |
|a SB466.U7 H44 2004
|t 0
|l Remote Storage
|